[Event "M.Chigorin Memorial 2014"]
[Site "St. Petersburg"]
[Date "2014.10.24"]
[Round "7.28"]
[White "Zontakh, Andrey"]
[Black "Demianjuk, Alexander"]
[Result "1-0"]
[WhiteElo "2539"]
[BlackElo "2342"]
[PlyCount "107"]
[EventDate "2014.10.18"]

1. d4 Nf6 2. c4 e6 3. Nf3 d5 4. g3 Bb4+ 5. Bd2 Be7 6. Bg2 O-O 7. O-O c6 8. Qc2
Nbd7 9. Rd1 b6 10. b3 Ba6 11. Nc3 Rc8 12. e4 dxc4 13. Bf4 Nh5 14. Be3 Nhf6 15.
h3 Bb4 16. Nd2 Qe7 17. Nxc4 Bxc4 18. bxc4 e5 19. Ne2 Rfe8 20. Rab1 Bd6 21. a4
Bb8 22. a5 b5 23. a6 bxc4 24. Qxc4 Nb6 25. Qc2 exd4 26. Nxd4 c5 27. Nb5 h5 28.
Rbc1 h4 29. g4 Nbd7 30. Qe2 c4 31. Nd4 g6 32. f4 Nc5 33. e5 Bxe5 34. fxe5 Qxe5
35. Nc2 Nd3 36. Ra1 Nd5 37. Bxd5 Qxd5 38. Qg2 Qd7 39. Rab1 Re6 40. Rf1 Qe8 41.
Bd4 Rd8 42. Qf3 Re4 43. Bxa7 Nf4 44. Be3 Nd5 45. Bg5 f6 46. Bxh4 Rf4 47. Qg2
Rxf1+ 48. Rxf1 g5 49. Bg3 Ne3 50. Nxe3 Qxe3+ 51. Bf2 Qa3 52. a7 c3 53. Qf3 Qa6
54. Qxc3 1-0

[Event "M.Chigorin Memorial 2014"]
[Site "St. Petersburg"]
[Date "2014.10.24"]
[Round "7.29"]
[White "Demidov, Mikhail"]
[Black "Timerkhanov, Alexander"]
[Result "1-0"]
[WhiteElo "2516"]
[BlackElo "2324"]
[PlyCount "113"]
[EventDate "2014.10.18"]

1. Nc3 c5 2. Nf3 Nf6 3. d4 cxd4 4. Nxd4 d6 5. g3 e5 6. Nb3 Bd7 7. Bg5 Bc6 8.
Bxf6 Qxf6 9. Nd5 Qd8 10. Bg2 Nd7 11. Qd2 a5 12. a4 Nb6 13. O-O Nxd5 14. Bxd5
Be7 15. Qd3 O-O 16. Nd2 Rc8 17. Rfd1 Qc7 18. c3 Kh8 19. b4 f5 20. Nb3 axb4 21.
cxb4 Bd7 22. b5 f4 23. a5 Bf5 24. Be4 Bxe4 25. Qxe4 fxg3 26. hxg3 Bg5 27. Rd3
Qc2 28. a6 bxa6 29. bxa6 d5 30. Qg4 e4 31. Rxd5 Be3 32. fxe3 Qxb3 33. Qxe4 Qb2
34. Qb1 Qxe2 35. Qe1 Qf3 36. Rd2 Rce8 37. a7 h6 38. Rda2 Qa8 39. Rf2 Qe4 40.
Kh2 Ra8 41. Rxf8+ Rxf8 42. Qe2 Ra8 43. Qg2 Qe8 44. Qd5 Kh7 45. Ra2 h5 46. Ra5
g6 47. Ra2 Kh6 48. Kg2 Qc8 49. e4 h4 50. e5 g5 51. Kh2 hxg3+ 52. Kg2 Kh5 53.
Qe4 g4 54. e6 Qh8 55. e7 Kg5 56. Ra5+ Kh4 57. Qb1 1-0

[Event "M.Chigorin Memorial 2014"]
[Site "St. Petersburg"]
[Date "2014.10.24"]
[Round "7.30"]
[White "Musaev, Rasul"]
[Black "Ulko, Jaroslav"]
[Result "0-1"]
[WhiteElo "2316"]
[BlackElo "2489"]
[PlyCount "138"]
[EventDate "2014.10.18"]

1. e4 c5 2. Nf3 e6 3. d4 cxd4 4. Nxd4 Nc6 5. Nc3 d6 6. Be2 Nf6 7. O-O Be7 8.
Be3 O-O 9. Kh1 e5 10. Nb3 Be6 11. f4 exf4 12. Bxf4 d5 13. exd5 Nxd5 14. Nxd5
Qxd5 15. Bf3 Qc4 16. Be2 Qd5 17. Bf3 Qb5 18. Be2 Bc4 19. Bxc4 Qxc4 20. Qd7 Bf6
21. c3 Rae8 22. Qxb7 Re2 23. Nd2 Qd5 24. Nf3 Ne7 25. Qxd5 Nxd5 26. Bd2 Re6 27.
Rad1 Rb8 28. Bg5 h6 29. Rxd5 hxg5 30. b3 Re2 31. Ra5 Bxc3 32. Rxa7 Bf6 33. h3
Rb4 34. Nh2 Rd4 35. Ng4 Be7 36. Ra8+ Kh7 37. a4 Rd3 38. Re8 Rxb3 39. a5 Ra3 40.
Nf2 Rxa5 41. Nd3 Kg6 42. Rd1 Re3 43. Nb4 Rae5 44. Nc6 Re1+ 45. Kh2 Rxd1 46.
Nxe5+ Kf6 47. Nf3 Rd3 48. Kg3 Ra3 49. Kf2 Ra2+ 50. Kg1 Bc5+ 51. Kh2 Bd6+ 52.
Kg1 Kf5 53. Nd4+ Kg6 54. Ne2 Ra1+ 55. Kf2 Bc5+ 56. Kg3 Rf1 57. Kh2 Bd6+ 58. g3
Rf3 59. Kg2 Ra3 60. Rd8 Be5 61. Rd7 f6 62. Re7 Kf5 63. Rxg7 Ke4 64. Rd7 Ke3 65.
Nc1 Rc3 66. Rd1 Rc2+ 67. Kf1 Rh2 68. Rd3+ Ke4 69. g4 Rh1+ 0-1

[Event "M.Chigorin Memorial 2014"]
[Site "St. Petersburg"]
[Date "2014.10.24"]
[Round "7.31"]
[White "Matsenko, Sergei"]
[Black "Mishuchkov, Nikolai M"]
[Result "1/2-1/2"]
[WhiteElo "2485"]
[BlackElo "2310"]
[PlyCount "70"]
[EventDate "2014.10.18"]

1. Nf3 d5 2. c4 dxc4 3. e3 Nf6 4. Bxc4 a6 5. O-O b5 6. Bb3 e6 7. Qe2 Bb7 8. Rd1
Nbd7 9. d3 Be7 10. Nbd2 O-O 11. Nf1 c5 12. h3 Bd6 13. e4 Ne5 14. Nxe5 Bxe5 15.
Be3 Qd6 16. Rac1 Nd7 17. f3 Bd4 18. Bxd4 cxd4 19. Qf2 Rac8 20. f4 Nc5 21. Bc2
f5 22. e5 Qd7 23. Nd2 a5 24. a3 Rc7 25. Nb3 Nxb3 26. Bxb3 Rfc8 27. Rxc7 Rxc7
28. Kh2 a4 29. Ba2 Bd5 30. Bxd5 Qxd5 31. Rd2 h6 32. Rd1 Rc8 33. Rd2 Rc7 34. Rd1
Rc8 35. Rd2 Rc7 1/2-1/2

[Event "M.Chigorin Memorial 2014"]
[Site "St. Petersburg"]
[Date "2014.10.24"]
[Round "7.32"]
[White "Gordievsky, Dmitry"]
[Black "Loskutov, Sviatoslav"]
[Result "1-0"]
[WhiteElo "2455"]
[BlackElo "2302"]
[PlyCount "69"]
[EventDate "2014.10.18"]

1. d4 d5 2. c4 e6 3. Nf3 c5 4. cxd5 exd5 5. g3 Nc6 6. Bg2 Nf6 7. O-O Be7 8. Nc3
Be6 9. dxc5 Bxc5 10. a3 O-O 11. b4 Be7 12. Bb2 Qd7 13. Qe1 a5 14. Na4 Qe8 15.
b5 Na7 16. Nb6 Rd8 17. Qxa5 Nxb5 18. a4 Nc7 19. Qa7 Na8 20. a5 Qb5 21. Rab1
Qxe2 22. Qxb7 Bc5 23. Bd4 Bxd4 24. Nxd4 Qh5 25. Nxe6 fxe6 26. Qc6 Qf5 27. a6
Nxb6 28. Rxb6 e5 29. a7 e4 30. Ra1 Nd7 31. Rb2 Ne5 32. Qb7 Nf3+ 33. Bxf3 Qxf3
34. a8=Q e3 35. Qaa7 1-0

[Event "M.Chigorin Memorial 2014"]
[Site "St. Petersburg"]
[Date "2014.10.24"]
[Round "7.33"]
[White "Baghdasaryan, Vahe"]
[Black "Malakhov, Igor"]
[Result "1/2-1/2"]
[WhiteElo "2343"]
[BlackElo "2441"]
[PlyCount "79"]
[EventDate "2014.10.18"]

1. e4 c5 2. Nf3 Nc6 3. d4 cxd4 4. Nxd4 g6 5. Nc3 Bg7 6. Be3 Nf6 7. Bc4 O-O 8.
Bb3 d6 9. h3 a6 10. O-O Nxd4 11. Bxd4 b5 12. Re1 e6 13. Qd3 Bb7 14. Rad1 Rc8
15. a3 Rc6 16. Na2 Qa8 17. f3 Rcc8 18. c3 Rfd8 19. Nb4 a5 20. Nc2 Bc6 21. Ne3
h5 22. Kh1 Qb7 23. c4 Qb8 24. cxb5 Bxb5 25. Qb1 h4 26. Bxf6 Bxf6 27. e5 Bxe5
28. Bxe6 fxe6 29. Qxg6+ Kf8 30. Nf5 exf5 31. Qxf5+ Ke7 32. Qg5+ Ke6 33. Rxe5+
dxe5 34. Qg6+ Ke7 35. Qg7+ Ke6 36. Qg6+ Ke7 37. Qg7+ Ke6 38. Qg6+ Ke7 39. Qg7+
Ke6 40. Qg6+ 1/2-1/2

[Event "M.Chigorin Memorial 2014"]
[Site "St. Petersburg"]
[Date "2014.10.24"]
[Round "7.34"]
[White "Bodnaruk, Anastasia"]
[Black "Polyaninov, Aleksey"]
[Result "0-1"]
[WhiteElo "2440"]
[BlackElo "2295"]
[PlyCount "120"]
[EventDate "2014.10.18"]

1. e4 c6 2. d4 d5 3. e5 Bf5 4. Nf3 e6 5. Be2 Nd7 6. O-O h6 7. b3 Ne7 8. c4 Ng6
9. Be3 f6 10. Ne1 fxe5 11. cxd5 cxd5 12. Bh5 Nf6 13. g4 Nxh5 14. gxf5 Ngf4 15.
Qg4 exf5 16. Qxf5 Qg5+ 17. Qxg5 hxg5 18. dxe5 d4 19. Bxf4 Nxf4 20. Nf3 Ne2+ 21.
Kg2 g4 22. Ng1 Nxg1 23. Rxg1 Rh5 24. Nd2 Bb4 25. Nc4 Ke7 26. Rad1 Bc3 27. Kg3
b5 28. Kxg4 Rxh2 29. Kg3 Rh5 30. Kg4 Rah8 31. Nd2 Rxe5 32. Nf3 Rd5 33. Rd3 b4
34. Kf4 Kf6 35. Ke4 Rhd8 36. Kf4 Ra5 37. Nh2 Rf5+ 38. Kg3 Rg5+ 39. Ng4+ Kf5 40.
f3 Re8 41. Rgd1 Rd8 42. Rh1 a5 43. Rhd1 Rg6 44. Rh1 Re8 45. Rhd1 Re2 46. Rxd4
Bxd4 47. Rxd4 Rxa2 48. Rd5+ Ke6 49. Rb5 Kd7 50. Kf4 Kc6 51. Rh5 Rxg4+ 52. fxg4
a4 53. bxa4 b3 54. Rh1 Rxa4+ 55. Kf5 Kb5 56. g5 Ra7 57. Ke4 Kb4 58. Rh8 b2 59.
Rb8+ Ka3 60. Kd3 Ka2 0-1

[Event "M.Chigorin Memorial 2014"]
[Site "St. Petersburg"]
[Date "2014.10.24"]
[Round "7.35"]
[White "Iljiushenok, Ilia"]
[Black "Khanin, Semen"]
[Result "1/2-1/2"]
[WhiteElo "2433"]
[BlackElo "2292"]
[PlyCount "107"]
[EventDate "2014.10.18"]

1. e4 e5 2. Nf3 Nc6 3. d4 exd4 4. Nxd4 Nf6 5. Nc3 Bb4 6. Nxc6 bxc6 7. Bd3 d5 8.
exd5 cxd5 9. O-O O-O 10. Bg5 c6 11. h3 h6 12. Bh4 Rb8 13. Qf3 Bd6 14. b3 Be5
15. Bg3 Bxc3 16. Bxb8 Bxa1 17. Rxa1 Bg4 18. hxg4 Qxb8 19. Re1 Re8 20. Rxe8+
Qxe8 21. Qf4 Qd8 22. f3 Ne8 23. Kf1 Kf8 24. a4 Qb6 25. Qe5 Qc5 26. Qb8 Qe7 27.
a5 Qc7 28. Qb4+ c5 29. Qc3 Qd6 30. b4 cxb4 31. Qd4 Qe7 32. Qxd5 Qe3 33. Qc4 Qe7
34. Qd4 Nf6 35. a6 g6 36. Be4 Kg7 37. Bb7 Qc7 38. Qxb4 Qxc2 39. Qd4 Qc1+ 40.
Kf2 Qc2+ 41. Kg1 Qc1+ 42. Kf2 Qc2+ 43. Kg3 Qc7+ 44. Kh3 Qb8 45. g5 hxg5 46. g4
Qf4 47. Qxa7 Qd2 48. Qc5 Nd7 49. Qg1 Nf8 50. Qh2 Qd4 51. Bc8 Qc3 52. Bb7 Qd4
53. Bc8 Qc3 54. Bb7 1/2-1/2

[Event "M.Chigorin Memorial 2014"]
[Site "St. Petersburg"]
[Date "2014.10.24"]
[Round "7.36"]
[White "Paravyan, David"]
[Black "Samdanov, Samdan"]
[Result "1-0"]
[WhiteElo "2424"]
[BlackElo "2278"]
[PlyCount "127"]
[EventDate "2014.10.18"]

1. f4 d5 2. Nf3 Nf6 3. g3 g6 4. Bg2 Bg7 5. O-O c5 6. d3 Nc6 7. c3 O-O 8. Na3
Rb8 9. Ne5 Qb6 10. Kh1 Be6 11. Nxc6 Qxc6 12. Qe1 Qd7 13. e4 dxe4 14. dxe4 Bh3
15. e5 Bxg2+ 16. Kxg2 Qc6+ 17. Kg1 Nd5 18. Nc2 Rbd8 19. c4 Nb6 20. b3 Rd7 21.
Be3 f6 22. exf6 Bxf6 23. Rd1 Rxd1 24. Qxd1 e6 25. Qe2 Rd8 26. Bf2 Nc8 27. Re1
Kf7 28. Ne3 Qe4 29. Ng4 Qxe2 30. Rxe2 b6 31. Nh6+ Ke7 32. f5 Rd1+ 33. Kg2 Bg7
34. Ng4 Rd6 35. fxg6 hxg6 36. Be3 Bd4 37. Bf4 Rd7 38. h4 Nd6 39. Bg5+ Kf7 40.
Nh6+ Kg7 41. Rxe6 Nf7 42. Nxf7 Kxf7 43. Re2 a6 44. g4 b5 45. Kg3 Rb7 46. h5
gxh5 47. gxh5 bxc4 48. bxc4 a5 49. Kg4 a4 50. h6 Rb1 51. Kf5 Rf1+ 52. Bf4 a3
53. h7 Kg7 54. Rh2 Kh8 55. Ke4 Rb1 56. Rh3 Rb2 57. Rxa3 Kxh7 58. Kd5 Rg2 59.
Rh3+ Kg6 60. Rg3+ Rxg3 61. Bxg3 Kf7 62. a4 Bc3 63. Bc7 Ke8 64. Kc6 1-0

[Event "M.Chigorin Memorial 2014"]
[Site "St. Petersburg"]
[Date "2014.10.24"]
[Round "7.37"]
[White "Khusenkhojaev, Muhammad"]
[Black "Solovyov, Viktor"]
[Result "0-1"]
[WhiteElo "2416"]
[BlackElo "2266"]
[PlyCount "116"]
[EventDate "2014.10.18"]

1. Nf3 Nf6 2. c4 c5 3. Nc3 e6 4. g3 b6 5. Bg2 Bb7 6. O-O Be7 7. d4 cxd4 8. Qxd4
d6 9. Rd1 a6 10. b3 Nbd7 11. Bb2 O-O 12. h3 Qc7 13. Rac1 Rac8 14. g4 h6 15. Ba3
Nc5 16. Ne1 Rfd8 17. b4 Ncd7 18. Nb1 Qb8 19. e4 Qa8 20. Nd2 a5 21. b5 Nc5 22.
f3 Qb8 23. Qe3 Nfd7 24. Bb2 Ne5 25. f4 Ng6 26. Nef3 Nxf4 27. Qxf4 Nd3 28. Qe3
Nxb2 29. Rf1 Na4 30. Kh1 Qc7 31. g5 hxg5 32. Nxg5 Rf8 33. h4 Qc5 34. Qg3 Qe5
35. Qg4 Bxg5 36. hxg5 Rc5 37. Qd1 Qxg5 38. Nf3 Qh6+ 39. Kg1 Qe3+ 40. Rf2 Nc3
41. Qd2 Qxd2 42. Nxd2 Nxa2 43. Rd1 Rc7 44. Nb3 Nc3 45. Rxd6 Nxe4 46. Rxb6 Nxf2
47. Rxb7 Rxb7 48. Bxb7 a4 49. Nc1 Rb8 50. Bf3 Nh3+ 51. Kg2 Nf4+ 52. Kg3 e5 53.
Kf2 a3 54. Ke3 Rc8 55. Bc6 Kf8 56. Ke4 Ke7 57. c5 Ne6 58. Kd5 Nd8 0-1

[Event "M.Chigorin Memorial 2014"]
[Site "St. Petersburg"]
[Date "2014.10.24"]
[Round "7.38"]
[White "Rjabzev, Konstantin"]
[Black "Caprio, Guido"]
[Result "1-0"]
[WhiteElo "2310"]
[BlackElo "2412"]
[PlyCount "61"]
[EventDate "2014.10.18"]

1. e4 g6 2. d4 Bg7 3. Nc3 d6 4. h4 Nf6 5. f3 O-O 6. Be3 e5 7. dxe5 dxe5 8. Bc5
Re8 9. Bc4 Nc6 10. Qxd8 Rxd8 11. Nh3 Nd7 12. Be3 Nb6 13. Bxb6 axb6 14. Ng5 Rd7
15. Nd5 Nd4 16. O-O-O Ra4 17. Bd3 Rxa2 18. Kb1 Ra8 19. c3 Nc6 20. h5 h6 21. Nh3
Rb8 22. hxg6 fxg6 23. Bc4 Kf8 24. f4 Rf7 25. Ne3 Rd7 26. f5 Ne7 27. Rdf1 gxf5
28. exf5 Rd6 29. Nf2 b5 30. Bb3 Ke8 31. Nfg4 1-0

[Event "M.Chigorin Memorial 2014"]
[Site "St. Petersburg"]
[Date "2014.10.24"]
[Round "7.39"]
[White "Wallace, John Paul"]
[Black "Pletnev, Evgeniy"]
[Result "1-0"]
[WhiteElo "2408"]
[BlackElo "2234"]
[PlyCount "74"]
[EventDate "2014.10.18"]

1. e4 d5 2. exd5 Qxd5 3. Nc3 Qd8 4. d4 Nf6 5. Nf3 Bg4 6. h3 Bxf3 7. Qxf3 c6 8.
Qd3 Na6 9. a3 e6 10. Bd2 Be7 11. O-O-O Qb6 12. Na4 Qc7 13. Qf3 O-O 14. Bf4 Qa5
15. Nc3 Rfd8 16. Be2 Rac8 17. Rd3 b5 18. Rhd1 b4 19. Nb1 Nd5 20. Bd2 c5 21.
dxc5 Nxc5 22. Rxd5 Rxd5 23. axb4 Qa2 24. bxc5 Rdxc5 25. c4 Rb8 26. Qa3 Rxc4+
27. Bxc4 Qxc4+ 28. Qc3 Qa6 29. Qc2 Bf6 30. Nc3 Qb7 31. f3 a5 32. Kb1 h6 33. Bc1
Rc8 34. Qe4 Qb3 35. Rd3 Rc4 36. Qa8+ Kh7 37. Qxa5 Rb4 1-0

[Event "M.Chigorin Memorial 2014"]
[Site "St. Petersburg"]
[Date "2014.10.24"]
[Round "7.40"]
[White "Popov, Kirill"]
[Black "Tsydypov, Zhamsaran"]
[Result "0-1"]
[WhiteElo "2303"]
[BlackElo "2406"]
[PlyCount "78"]
[EventDate "2014.10.18"]

1. e4 g6 2. d4 Bg7 3. Nc3 d6 4. Be3 a6 5. Qd2 Nd7 6. Nge2 b5 7. f3 Bb7 8. g4
Nb6 9. b3 Qd7 10. h4 e6 11. h5 Ne7 12. Bh6 Bxh6 13. Qxh6 O-O-O 14. hxg6 Nxg6
15. a4 d5 16. e5 b4 17. a5 bxc3 18. axb6 cxb6 19. Nxc3 Qc7 20. Qd2 h5 21. gxh5
Nxe5 22. dxe5 Qxe5+ 23. Kd1 d4 24. Ne4 d3 25. c3 Rhe8 26. Qh2 Qf5 27. Nd2 Bxf3+
28. Kc1 Bxh1 29. Qxh1 Rd5 30. Rxa6 Kb7 31. Ra4 Qxh5 32. Qxh5 Rxh5 33. Bxd3 f5
34. Be2 Rh1+ 35. Kc2 Rh2 36. Bf3+ Kc7 37. Ra7+ Kd8 38. Ra8+ Ke7 39. Ra7+ Kf6
0-1

[Event "M.Chigorin Memorial 2014"]
[Site "St. Petersburg"]
[Date "2014.10.24"]
[Round "7.41"]
[White "Sargissyan, Sargis"]
[Black "Nezad, Husein Aziz"]
[Result "1/2-1/2"]
[WhiteElo "2284"]
[BlackElo "2400"]
[PlyCount "71"]
[EventDate "2014.10.18"]

1. e4 e5 2. Nc3 Nf6 3. f4 d5 4. fxe5 Nxe4 5. Qf3 f5 6. d3 Nxc3 7. bxc3 Be7 8.
Ne2 O-O 9. Nf4 c6 10. d4 g5 11. Nd3 f4 12. Nf2 Bf5 13. h4 gxh4 14. Bd3 Qe8 15.
Bxf4 Qg6 16. O-O Na6 17. Qe3 Nc7 18. Bh6 Rf7 19. Nh3 Ne6 20. Bxf5 Rxf5 21. Rxf5
Qxf5 22. Qd3 Qg6 23. Bd2 Rf8 24. Rf1 Rxf1+ 25. Kxf1 b5 26. Kg1 Kf7 27. Qf3+ Kg7
28. Qd3 Bd8 29. Nf4 Nxf4 30. Bxf4 Be7 31. Kh2 Kf7 32. Kh3 Qe6+ 33. Kh2 Qg6 34.
Kh3 Qe6+ 35. Kh2 Qg6 36. Kh3 1/2-1/2

[Event "M.Chigorin Memorial 2014"]
[Site "St. Petersburg"]
[Date "2014.10.24"]
[Round "7.42"]
[White "Isakov, Andrey"]
[Black "Pasiev, Rakhim"]
[Result "1/2-1/2"]
[WhiteElo "2258"]
[BlackElo "2393"]
[PlyCount "100"]
[EventDate "2014.10.18"]

1. e4 e6 2. d4 d5 3. Nc3 Bb4 4. Nge2 dxe4 5. a3 Be7 6. Nxe4 Nf6 7. f3 b6 8. g3
Bb7 9. Bg2 Nbd7 10. O-O c5 11. Nxf6+ Bxf6 12. Be3 O-O 13. Qd2 Qe7 14. Rad1 Rfd8
15. c3 Rac8 16. Nf4 cxd4 17. cxd4 Ne5 18. Qe2 Nc4 19. Bf2 g6 20. Rc1 b5 21. a4
Bxd4 22. axb5 Bxf2+ 23. Rxf2 Qb4 24. Bf1 Nb6 25. Rxc8 Rxc8 26. Qe5 Bd5 27. h4
Bc4 28. h5 Qc5 29. Qxc5 Rxc5 30. Rc2 Rc8 31. hxg6 hxg6 32. Rc3 Kf8 33. Bxc4
Rxc4 34. Nd3 f6 35. Ra3 Rc7 36. Nb4 Rc5 37. Rxa7 Rxb5 38. Nd3 Nd5 39. Kf2 g5
40. Ra3 Kf7 41. Ke2 e5 42. Kd2 g4 43. fxg4 e4 44. Nf4 Rxb2+ 45. Kc1 Rb5 46.
Ra7+ Kg8 47. Nxd5 Rxd5 48. Ra4 Rd3 49. Rxe4 Kf7 50. g5 fxg5 1/2-1/2

[Event "M.Chigorin Memorial 2014"]
[Site "St. Petersburg"]
[Date "2014.10.24"]
[Round "7.43"]
[White "Nanjo, Ryosuke"]
[Black "Siagodnik, Anton"]
[Result "0-1"]
[WhiteElo "2384"]
[BlackElo "2208"]
[PlyCount "92"]
[EventDate "2014.10.18"]

1. e4 e5 2. Nf3 Nf6 3. Nxe5 d6 4. Nf3 Nxe4 5. d4 d5 6. Bd3 Nc6 7. O-O Bg4 8. c4
Nf6 9. Nc3 Bxf3 10. Qxf3 Nxd4 11. Qe3+ Ne6 12. cxd5 Nxd5 13. Nxd5 Qxd5 14. Be4
Qb5 15. b4 Bd6 16. Bd2 O-O 17. a4 Qe5 18. g3 Qd4 19. Rab1 Rab8 20. Rfd1 Rfe8
21. Bg2 Qxe3 22. Bxe3 b6 23. Bc6 Red8 24. f4 Bxb4 25. Rxd8+ Nxd8 26. Rxb4 Nxc6
27. Rc4 Ne7 28. Kf2 c5 29. Kf1 f6 30. Rc1 Rd8 31. a5 Kf7 32. Rb1 Nd5 33. Rb5
Ke7 34. axb6 axb6 35. Bxc5+ bxc5 36. Rxc5 Ke6 37. Ke2 Rd7 38. Kf3 Rc7 39. Ra5
Rc3+ 40. Ke4 Ne7 41. Ra6+ Nc6 42. g4 g6 43. f5+ gxf5+ 44. gxf5+ Kd6 45. Ra2
Rc4+ 46. Kf3 Ke5 0-1

[Event "M.Chigorin Memorial 2014"]
[Site "St. Petersburg"]
[Date "2014.10.24"]
[Round "7.44"]
[White "Tugarin, Anton"]
[Black "Gevorgyan, David"]
[Result "0-1"]
[WhiteElo "2242"]
[BlackElo "2382"]
[PlyCount "125"]
[EventDate "2014.10.18"]

1. Nf3 Nf6 2. c4 b6 3. g3 Bb7 4. Bg2 g6 5. b3 Bg7 6. Bb2 O-O 7. O-O d6 8. d4
Nbd7 9. Qc2 e6 10. Nc3 c5 11. Rad1 Qe7 12. Rfe1 a6 13. Ba1 Rac8 14. Qd2 Rfd8
15. e4 cxd4 16. Nxd4 Ne5 17. Qe2 Qc7 18. Bb2 Qb8 19. f3 h5 20. Qf2 Ba8 21. Bf1
Qb7 22. Rd2 Ne8 23. Rc2 Nd7 24. Rd1 Ne5 25. a4 Nc7 26. h3 a5 27. Rcd2 d5 28.
Ndb5 Nxb5 29. Nxb5 Qb8 30. f4 Nc6 31. Bxg7 Kxg7 32. exd5 exd5 33. cxd5 Nb4 34.
Bg2 Rc5 35. d6 Bxg2 36. Qxg2 Rd7 37. Qe4 Qd8 38. Rd4 Kh7 39. Rc4 Rxc4 40. Qxc4
Qf6 41. Re1 h4 42. g4 Na6 43. Re5 Nc5 44. g5 Qd8 45. Qd5 Ne6 46. Re4 Nc5 47.
Re2 Ne6 48. Rf2 Ng7 49. Rc2 Ne6 50. Rc4 Nc5 51. b4 axb4 52. Rxb4 Qe8 53. Qe5
Qa8 54. f5 f6 55. Rxh4+ Kg8 56. Qxf6 Rg7 57. fxg6 Qe8 58. Qf2 Qxg6 59. Rg4 Rf7
60. Qg2 Qb1+ 61. Kh2 Qe1 62. Qa8+ Kg7 63. Rg2 0-1

[Event "M.Chigorin Memorial 2014"]
[Site "St. Petersburg"]
[Date "2014.10.24"]
[Round "7.45"]
[White "Bazeev, German"]
[Black "Bivol, Alina"]
[Result "0-1"]
[WhiteElo "2369"]
[BlackElo "2208"]
[PlyCount "138"]
[EventDate "2014.10.18"]

1. d4 Nf6 2. c4 e6 3. Nf3 Bb4+ 4. Bd2 Qe7 5. g3 Bxd2+ 6. Nbxd2 d6 7. Bg2 e5 8.
Nf1 O-O 9. Ne3 a5 10. O-O Nc6 11. Rc1 Bg4 12. Nxg4 Nxg4 13. d5 Nb4 14. a3 Na6
15. e4 Nh6 16. Ne1 b6 17. Nd3 Nc5 18. b4 axb4 19. axb4 Nxd3 20. Qxd3 Ra4 21.
Qc3 f5 22. Rce1 fxe4 23. Bxe4 Qd7 24. Re2 Raa8 25. Qd3 g6 26. Qd2 Kg7 27. Bg2
Rae8 28. Rfe1 Nf7 29. Re4 Qd8 30. h4 Nh6 31. Qc3 Kg8 32. Bh3 Nf5 33. Kg2 Qa8
34. h5 Qa2 35. R1e2 Qb1 36. hxg6 hxg6 37. Qd2 Re7 38. Re1 Qb3 39. Rg4 Rg7 40.
Ree4 Nd4 41. Re3 Qxc4 42. Rxd4 Qxd4 43. Be6+ Kh7 44. Qxd4 exd4 45. Re4 g5 46.
Rxd4 Kg6 47. Re4 Re7 48. b5 Ra8 49. f4 Ra2+ 50. Kf3 gxf4 51. Rxf4 Ra3+ 52. Kg4
Rb3 53. Rf5 Rb4+ 54. Kf3 Rxb5 55. g4 Rb3+ 56. Kf4 Rb4+ 57. Kf3 Rb1 58. Kg2 b5
59. Rh5 Rb2+ 60. Kg3 b4 61. Kf4 Rf2+ 62. Ke3 Rf8 63. Kd3 b3 64. Kc3 Rf3+ 65.
Kb2 Re8 66. Rf5 Rf8 67. Rxf8 Rxf8 68. Kxb3 Rf4 69. Kc3 Kg5 0-1

[Event "M.Chigorin Memorial 2014"]
[Site "St. Petersburg"]
[Date "2014.10.24"]
[Round "7.46"]
[White "Saveliev, Alexei"]
[Black "Triapishko, Olexandr"]
[Result "1/2-1/2"]
[WhiteElo "2207"]
[BlackElo "2369"]
[PlyCount "81"]
[EventDate "2014.10.18"]

1. e4 e5 2. Nf3 Nc6 3. Bb5 a6 4. Ba4 d6 5. d4 Bd7 6. O-O Nf6 7. Re1 b5 8. dxe5
Nxe5 9. Bb3 Be7 10. a4 O-O 11. Bg5 Nxf3+ 12. Qxf3 h6 13. Bf4 Bc6 14. Nc3 Re8
15. h3 Bf8 16. axb5 axb5 17. Rad1 b4 18. Nd5 Nxd5 19. exd5 Bd7 20. Bd2 Qh4 21.
Qf4 Qxf4 22. Bxf4 c5 23. dxc6 Rxe1+ 24. Rxe1 Bxc6 25. Rd1 Ba4 26. Ra1 Bc6 27.
Rd1 Ba4 28. Ra1 Bc6 29. Rxa8 Bxa8 30. f3 d5 31. Kf2 Bc5+ 32. Be3 d4 33. Bd2 Bc6
34. Kg3 Bb5 35. c3 bxc3 36. bxc3 dxc3 37. Bxc3 Kf8 38. Kh2 Bd6+ 39. Kg1 f6 40.
Kf2 Bc6 41. Bd4 1/2-1/2

[Event "M.Chigorin Memorial 2014"]
[Site "St. Petersburg"]
[Date "2014.10.24"]
[Round "7.47"]
[White "Akkozov, Berik"]
[Black "Pashinsky, Mikhail"]
[Result "1-0"]
[WhiteElo "2361"]
[BlackElo "2190"]
[PlyCount "85"]
[EventDate "2014.10.18"]

1. d4 d6 2. Nf3 Bg4 3. e3 Nf6 4. c4 c6 5. Nc3 Nbd7 6. h3 Bh5 7. Be2 e5 8. O-O
Be7 9. b4 e4 10. Nd2 Bxe2 11. Qxe2 d5 12. Rb1 O-O 13. b5 Qa5 14. Bb2 Rfc8 15.
Nb3 Qb4 16. bxc6 bxc6 17. c5 a5 18. Qc2 Qc4 19. Nd2 Qa6 20. Na4 Rcb8 21. Bc3
Bd8 22. Nb3 Bc7 23. Rfc1 Qc4 24. Nb6 Nxb6 25. Nxa5 Rxa5 26. cxb6 Rxb6 27. Bxa5
Qxc2 28. Bxb6 Bh2+ 29. Kxh2 Qxf2 30. Re1 h5 31. a4 Qh4 32. Kg1 Qg3 33. Ba7 Nd7
34. a5 g5 35. a6 Qc7 36. Rb7 Qa5 37. Rf1 Nf8 38. Rbxf7 Ng6 39. R7f6 Kg7 40.
Rf7+ Kg8 41. Bc5 Qxa6 42. Ra7 Qe2 43. Rff7 1-0

[Event "M.Chigorin Memorial 2014"]
[Site "St. Petersburg"]
[Date "2014.10.24"]
[Round "7.48"]
[White "Grigorjev, Iljya"]
[Black "Zubritskiy, Artyom"]
[Result "0-1"]
[WhiteElo "2203"]
[BlackElo "2360"]
[PlyCount "84"]
[EventDate "2014.10.18"]

1. e4 c5 2. Nf3 e6 3. d4 cxd4 4. Nxd4 Nf6 5. Nc3 d6 6. Be3 a6 7. f3 b5 8. Qd2
b4 9. Nce2 e5 10. Nb3 a5 11. Rd1 a4 12. Nbc1 Nc6 13. Ng3 Rb8 14. Bc4 Na5 15.
Bd3 Be6 16. b3 Be7 17. O-O O-O 18. Nce2 d5 19. f4 d4 20. Bf2 Ng4 21. fxe5 Bg5
22. Nf4 Nc6 23. Be2 Nxf2 24. Rxf2 Nxe5 25. Qxd4 Qxd4 26. Rxd4 Rfc8 27. Bd1 Be7
28. Nd5 Bc5 29. Rdd2 axb3 30. axb3 Rf8 31. Kf1 Bxf2 32. Kxf2 Rfd8 33. Nf1 f5
34. Ke3 fxe4 35. Kxe4 Nd7 36. Rf2 Bf7 37. Nfe3 Re8+ 38. Kd4 Rbd8 39. Be2 Nb6
40. Bc4 Rxe3 41. Kxe3 Nxd5+ 42. Kd4 Nf6+ 0-1

[Event "M.Chigorin Memorial 2014"]
[Site "St. Petersburg"]
[Date "2014.10.24"]
[Round "7.49"]
[White "Tseitlin, Mark D"]
[Black "Burmakin, Vladimir"]
[Result "0-1"]
[WhiteElo "2320"]
[BlackElo "2583"]
[PlyCount "114"]
[EventDate "2014.10.18"]

1. e4 c6 2. d4 d5 3. Nc3 g6 4. Nf3 Bg7 5. h3 dxe4 6. Nxe4 Nd7 7. Bc4 Ngf6 8.
Nxf6+ Nxf6 9. O-O O-O 10. Re1 b6 11. a4 Bb7 12. Qe2 e6 13. Ba6 Qc8 14. Bxb7
Qxb7 15. Bf4 Rfd8 16. Be5 c5 17. Red1 cxd4 18. Rxd4 Rxd4 19. Nxd4 Rd8 20. Qf3
Qxf3 21. Nxf3 Ne4 22. Bxg7 Kxg7 23. c3 a5 24. Ne5 Nd2 25. b4 f6 26. Nc6 Rd6 27.
Na7 Rd3 28. Re1 e5 29. bxa5 bxa5 30. Nb5 Nc4 31. f4 exf4 32. Re4 Rd1+ 33. Kf2
Nb6 34. Rxf4 Ra1 35. Rd4 Rxa4 36. Rd6 Nc4 37. Rd7+ Kh6 38. Nd6 Nxd6 39. Rxd6
Kg5 40. c4 Kf5 41. Ra6 Ke5 42. c5 f5 43. c6 Kd6 44. Kg3 g5 45. c7+ Kxc7 46. Rh6
Rh4 47. Rf6 Rf4 48. Rh6 a4 49. Rxh7+ Kb6 50. Rh8 Rc4 51. Rg8 a3 52. Ra8 Rc3+
53. Kh2 Kb5 54. Rf8 f4 55. h4 gxh4 56. Rxf4 a2 57. Rf1 Kb4 0-1

[Event "M.Chigorin Memorial 2014"]
[Site "St. Petersburg"]
[Date "2014.10.24"]
[Round "7.50"]
[White "Harika, Dronavalli"]
[Black "Donskov, Anatoly"]
[Result "1-0"]
[WhiteElo "2528"]
[BlackElo "2309"]
[PlyCount "97"]
[EventDate "2014.10.18"]

1. Nf3 Nf6 2. c4 e6 3. g3 a6 4. e3 d5 5. b3 c5 6. Bb2 Nc6 7. a3 Be7 8. Bg2 O-O
9. O-O b5 10. d3 Rb8 11. Nbd2 Qb6 12. Rb1 Bb7 13. Qc2 d4 14. exd4 Nxd4 15. Bxd4
cxd4 16. b4 Rfd8 17. Rfe1 Rbc8 18. c5 Qa7 19. Ne4 Qa8 20. Rbd1 a5 21. Qe2 axb4
22. axb4 Qb8 23. Nxf6+ Bxf6 24. Nd2 Bxg2 25. Kxg2 Qa8+ 26. Ne4 Be7 27. Ra1 Qd5
28. Qf3 Kf8 29. Nd2 Ke8 30. Ra7 Qxf3+ 31. Kxf3 Ra8 32. Rea1 Rxa7 33. Rxa7 Rd7
34. Ra8+ Rd8 35. Rxd8+ Kxd8 36. Nb3 Bg5 37. h4 Bh6 38. g4 g6 39. Nxd4 Bd2 40.
Nc2 Kc7 41. Ke2 Bc3 42. d4 Kc6 43. Kd3 Bb2 44. g5 Bc1 45. Ne3 Ba3 46. Kc3 Bc1
47. Kc2 Ba3 48. Kb3 Bc1 49. Kc3 1-0